• 首页
  • 本馆介绍
  • 公告通知
  • 最新文献
  • 馆藏检索
  • 电子资源
  • 读者导购
  • 参考咨询
  • 我的图书馆
  • 登录
  • 详细信息显示
  • 放入我的书架
  • 预约/预借图书
  • 作者相关作品
  • 分类相关作品
  • 丛书相关作品
  • 出版社相关作品

书目信息

  • 表格格式
  • 工作单格式
  • 卡片格式
题名:
制度变迁与国家治理
    
 
作者: 杨光斌 著
分册:  
出版信息: 北京   人民出版社  2006
页数: 312页
开本: 21cm
丛书名:
单 册:
中图分类: D69
科图分类:
主题词: 政治制度--研究--中国--明清时代~民国
电子资源:
ISBN: 7-01-005286-7
000 01064nam0 2200313 450
000 01027nam0 2200301 450
000 00996nam0 2200301 450
000 00942nam0 2200277 450
000 00960nam0 2200265 450
000 00923nam0 2200253 45
001 TS2006045554
005 20061208101729.95
010    @a7-01-005286-7@dCNY20.00
100    @a20060829d2006 em y0chiy0120 ea
101 0  @achi
102    @aCN@b110000
105    @aa a 000yy
200 1  @a制度变迁与国家治理@AZhi Du Bian Qian Yu Guo Jia Zhi Li@e中国政治发展研究@EZhong Guo Zheng Zhi Fa Zhan Yan Jiu@f杨光斌著@FYang Guang Bin Zhu
210    @a北京@c人民出版社@d2006
215    @a312页@c图@d21cm
320    @a有书目
517 1  @a中国政治发展研究@AZhong Guo Zheng Zhi Fa Zhan Yan Jiu
606 0  @a政治制度@x研究@y中国@z明清时代~民国
690    @aD69@v4
701  0 @a杨光斌@AYang Guang Bin@4著
801  0 @aCN@b中图数据@c20061208
905    @a10447@dD69@e115
    
    制度变迁与国家治理:中国政治发展研究/杨光斌著.-北京:人民出版社,2006
    312页:图;21cm
    
    
    ISBN 7-01-005286-7:CNY20.00
    
●
相关链接 在E读中查询图书 在五车中查询图书 在当当中查询图书 在豆瓣中查询图书


正题名:制度变迁与国家治理     索取号:D69/115         预约/预借

序号 登录号 条形码 馆藏地/架位号 状态 备注
1 0618482   206184822   第一样本阅览室/ [索取号:D69/115] 在馆    
2 0618483   206184831   第一借阅区/ [索取号:D69/115] 在馆    
3 0618484   206184840   第一借阅区/ [索取号:D69/115] 在馆    
4 0618485   206184859   第一借阅区/ [索取号:D69/115] 在馆    
5 0618486   206184868   第一借阅区/ [索取号:D69/115] 在馆    
唐山师范学院图书馆 欢迎您!
大连网信软件有限公司© 版权所有